Państwa ze skamielinami dinozaurów - Statystyki

Ogólne statystyki
  • Ten quiz został rozwiązany 238 razy
  • Średni wynik to 37 z 64
Statystyki odpowiedzi
Kraj % Poprawnych
Rosja
91%
Niemcy
89%
Stany Zjednoczone
89%
Francja
87%
Kanada
87%
Brazylia
86%
Chiny
86%
Meksyk
84%
Argentyna
82%
Egipt
81%
Hiszpania
80%
Włochy
78%
Wielka Brytania
76%
Portugalia
74%
Australia
72%
Republika Południowej Afryki
71%
Japonia
70%
Chile
69%
Czechy
69%
Indie
69%
Turcja
67%
Ukraina
66%
Austria
65%
Belgia
65%
Mongolia
65%
Kolumbia
64%
Dania
63%
Kazachstan
63%
Rumunia
63%
Holandia
62%
Algieria
61%
Iran
61%
Maroko
60%
Indonezja
59%
Niger
58%
Szwajcaria
55%
Węgry
55%
Bułgaria
54%
Pakistan
54%
Boliwia
52%
Korea Południowa
52%
Nigeria
52%
Urugwaj
51%
Nowa Zelandia
50%
Tajlandia
50%
Korea Północna
47%
Wietnam
47%
Etiopia
46%
Kenia
46%
Tunezja
46%
Uzbekistan
42%
Czad
40%
Izrael
39%
Madagaskar
39%
Tanzania
39%
Zimbabwe
35%
Namibia
33%
Gruzja
32%
Zjednoczone Emiraty Arabskie
29%
Erytrea
26%
Botswana
25%
Cypr
20%
Malawi
16%
Salwador
12%
Nie znaleziono quizów pasujących do podanych kryteriów
Rozkład punktacji
Procent ludzi z każdym wynikiem
Percentyl według liczby udzielonych odpowiedzi
Twoja historia wyników
Nie rozwiązałeś tego quizu